000 00455nam a2200181 a 4500
001 18470
003 CO-ViMGA
008 141112s2004 ck r 000 u spa d
020 _a9586480712
040 _aCO-ViMGA
_bspa
_cCO-ViMGA
082 0 4 _aROMc
100 1 _aRoman, Celso
_92364
245 1 0 _aCalandaima . El país de mas allá de la noche
260 _aBogotá,
_cEcoe,
_c1994
300 _a58.p.
650 1 4 _aCUENTOS COLOMBIANOS
942 _2ddc
_cBK
999 _c27766
_d27766